| 000 | 00706cab a2200241 4500 | ||
|---|---|---|---|
| 001 | ABS48104 | ||
| 008 | 090401t1993 xxu||||| |||| 00| 0 eng d | ||
| 035 | _a(Sirsi) u65003 | ||
| 041 | _aeng | ||
| 100 | _aCollar, N. | ||
| 245 | _aPlanning and Compensation Act 1991 | ||
| 260 | _c1993 | ||
| 350 | _a0 | ||
| 490 |
_aProperty Law _v(1) February 1993, 5(1) |
||
| 520 | _aBrief notes on the enforcement powers of the Planning and Compensation Act 1991. | ||
| 650 | _aPLANNING AND COMPENSATION ACT 1991 | ||
| 650 | _aPLANNING CONTROL | ||
| 650 | _aSCOTLAND | ||
| 650 | _aTOWN AND COUNTRY PLANNING (SCOTLAND) ACT 1972 | ||
| 690 | _aPLANNING LAW AND PRACTICE | ||
| 942 | _n0 | ||
| 948 | _c04/03/1997 | ||
| 999 |
_c40511 _d40511 |
||